LIBRARY & INFORMATION CENTRE, KCAET, TAVANUR

ONLINE PUBLIC ACCESS CATALOGUE (OPAC)

Pump, fan and compressor (Record no. 16826)

MARC details
000 -LEADER
fixed length control field 00272nam a22001217a 4500
003 - CONTROL NUMBER IDENTIFIER
control field OSt
008 - FIXED-LENGTH DATA ELEMENTS--GENERAL INFORMATION
fixed length control field 210122b ||||| |||| 00| 0 eng d
082 ## - DEWEY DECIMAL CLASSIFICATION NUMBER
Classification number 621.6
Item number KOV/PU
100 ## - MAIN ENTRY--AUTHOR NAME
Personal name Kovats
245 ## - TITLE STATEMENT
Title Pump, fan and compressor
700 ## - ADDED ENTRY--PERSONAL NAME
Personal name Desmur
942 ## - ADDED ENTRY ELEMENTS (KOHA)
Koha item type Books
Holdings
Withdrawn status Lost status Damaged status Home library Current library Date acquired Full call number Accession Number Koha item type
      KAUAET KAUAET 22/01/2021 621.6 KOV/PU 3508 Books
free website counter